| 000 | 00972nas a2200301 4500 | ||
|---|---|---|---|
| 001 | BR2019001335 | ||
| 003 | BR-BrBNA | ||
| 005 | 20231205131910.0 | ||
| 007 | ta | ||
| 008 | 230509b bl.|||p| |||| 00| 00por d | ||
| 040 |
_aBR-BrBNA _bpor _cBiblioteca Nacional de Agricultura |
||
| 041 | _a(Pt) | ||
| 072 | _aF02 | ||
| 100 | 1 | _aCassol, D.A. | |
| 100 | 1 | _aWagner Júnior, A. | |
| 100 | 1 | _aPirola, K. | |
| 100 | 1 | _aDottos, M. | |
| 100 | 1 | _aCitadin, I. | |
| 245 | 1 | _aEmbalagem, época e ácido indolbutírico na propagação de jabuticabeira por alporquia | |
| 650 | _aJABUTICABA | ||
| 650 | _aFRUTA TROPICAL | ||
| 650 | _aSUBSTRATO DE CULTURA | ||
| 650 | _aPROPAGAÇÃO VEGETATIVA | ||
| 773 | 0 |
_tRevista Brasileira de Fruticultura (Brazil) _xISSN 1806-9967 _g(Jan-Mar 2015), v. 37(1) p. 267-272 _wBR2019001335 |
|
| 856 | 4 | 0 | _uhttp://www.scielo.br/pdf/rbf/v37n1/0100-2945-rbf-37-1-267.pdf |
| 909 |
_a202311 _bLúcia _c55 _dLúcia Elande |
||
| 942 |
_2AGRIS _n0 _cANA |
||
| 999 |
_c257354 _d257354 |
||